Religion in Kyrgyzstan - Statistics

General Stats
  • This quiz has been taken 47 times
  • The average score is 3 of 3
Answer Stats
Percent Religion % Correct
10% Christianity
100%
89.4% Islam
100%
0.6% Other
92%
No matching quizzes found
Score Distribution
Percent of People with Each Score
Percentile by Number Answered
Your Score History
You have not taken this quiz